| 000 | 01253cam a22003737a 4500 | ||
|---|---|---|---|
| 003 | CHAP | ||
| 005 | 20220817043949.0 | ||
| 008 | 041013d2002 mx r 00110 spa d | ||
| 010 | _a88920 | ||
| 011 | _a89892 | ||
| 020 | _a9688849014 | ||
| 035 | _a100444 | ||
| 040 | _cCHAP | ||
| 090 | _aFolleto 16815 | ||
| 100 | 0 | 0 |
_aVega Cuen, Arturo. _9118251 |
| 245 | 1 | 0 |
_aPrácticas de estructura de las plantas cultivadas _c/por Arturo Vega Cuen ( y otros) |
| 260 |
_aChapingo, Méx. : _bUACH. Departamento de Fitotecnia, _c2002. |
||
| 300 | _a45 p. | ||
| 410 | 0 | 0 | _aUACH. Departamento de Fitotecnia |
| 490 | 0 |
_aManuales didácticos _v; 5 |
|
| 590 |
_aBATCH-UPD _b10 _c20130110 _lUCH01 _h0619 |
||
| 590 |
_aBATCH-UPD _b10 _c20130110 _lUCH01 _h2259 |
||
| 590 |
_aBATCH-UPD _b10 _c20130410 _lUCH01 _h1647 |
||
| 590 |
_aBATCH-UPD _b10 _c20130914 _lUCH01 _h1920 |
||
| 590 |
_aCONVERSION _b10 _c20130109 _lUCH01 _h1349 |
||
| 650 | 1 | 4 |
_aPlantas cultivadas. _988921 |
| 810 | 0 | 0 | _aUACH. Departamento de Fitotecnia |
| 830 | 0 | 0 |
_aManuales didácticos _v; 5 _970680 |
| 901 | _aBK | ||
| 905 | _aAlejandra Carrasco M. | ||
| 942 | _cFOLL | ||
| 949 |
_aFolleto 16815 _bBC _cFOLL _d1004441 _eTS1 _i100444 _sb |
||
| 949 |
_aFolleto 16815 _bBC _cUACH _d1004442 _eUACH _fc.2 _i100444 _sb |
||
| 999 |
_c88920 _d88920 |
||